Emerging : (Record no. 9294)
[ view plain ]
| 000 -LEADER | |
|---|---|
| fixed length control field | 00707cam a2200193 a 4500 |
| 020 ## - ISBN | |
| International Standard Book Number | 9780312474447 (Student edition pbk. : alk. paper) |
| 020 ## - ISBN | |
| International Standard Book Number | 031247444X (Student edition pbk. : alk. paper) |
| 020 ## - ISBN | |
| International Standard Book Number | 9780312535544 (Instructor's edition pbk. : alk. paper) |
| 020 ## - ISBN | |
| International Standard Book Number | 0312535546 (Instructor's edition pbk. : alk. paper) |
| 050 00 - LIBRARY OF CONGRESS CALL NUMBER | |
| Classification Number | PE1417 |
| Item Number | .B36 2010 |
| 100 1# - MAIN ENTRY--Author | |
| Personal name | Barrios, Barclay. |
| 245 10 - TITLE | |
| Title | Emerging : |
| Remainder of title | contemporary readings for writers / |
| Statement of responsibility, etc | Barclay Barrios. |
| 250 ## - EDITIONSTATEMENT | |
| Edition statement | 1st ed. |
| 260 ## - PUBLICATION, DISTRIBUTION, ETC.(IMPRINT) | |
| Place of publication, distribution, etc | Boston, Mass. : |
| Name of publisher, distributor, etc | Bedford/St. Martins, |
| Date of publication, distribution, etc | c2010. |
| 300 ## - PHYSICAL DESCRIPTION | |
| Extent | xxii, 517 p. : |
| 650 #0 - SUBJECT--TOPIC | |
| General subdivision | Rhetoric |
| Form subdivision | Problems, exercises, etc. |
| 650 #0 - SUBJECT--TOPIC | |
| Form subdivision | Problems, exercises, etc. |
| 942 ## - ADDED ENTRY ELEMENTS(KOHA) | |
| Source of classification or shelving scheme | Library of Congress Classification |
| Koha item type | General circulation |
| Source of classification or shelving scheme | Not for loan | Location (home branch) | Sublocation (holding branch) | Date accessioned | Source of acquisition | Full call number | Barcode | Nonpublic note | Koha item type |
|---|---|---|---|---|---|---|---|---|---|
| Library of Congress Classification | Wote Campus Library | Wote Campus Library | 29/09/2015 | Donation books from Africa | [WTE] PE1417 .B36 2010 | 2015/008546 | jm | General circulation |